[Event "GBR-ch"]
[Site "Scarborough"]
[Date "2001.08.08"]
[Round "9"]
[White "Ledger, Andrew"]
[Black "Chandler, Murray"]
[Result "0-1"]
[WhiteElo "2418"]
[BlackElo "2540"]
[Annotator "Martin,A"]
[PlyCount "70"]
[EventDate "2001.07.30"]

1. e4 {Notes by IM Andrew Martin} 1... c5 2. Nc3 e6 3. g3 d5 4. exd5 exd5 5.
Bg2 Nf6 6. d3 d4 7. Ne4 Nxe4 8. dxe4 g6 $146 ({RR} 8... Be7 9. Ne2 O-O 10. O-O
Nc6 11. Nf4 Re8 ({RR} 11... Bf6 12. Nd5 Be6 13. Nxf6+ Qxf6 14. f4 Bc4 15. e5
Qe6 16. Re1 Rad8 17. Qh5 f5 18. b3 Bd5 19. Ba3 Bxg2 20. Kxg2 Ne7 21. Qf3 b6 22.
c4 dxc3 23. Qxc3 Nc6 24. Red1 Nd4 25. Bb2 Qc6+ 26. Kf2 {
Liitiainen,E-Helin,T/Vantaa 1998/EXT 2000/1/2-1/2 (56)}) 12. Nd5 Bf8 13. c3 Rb8
14. cxd4 Nxd4 15. Be3 Nc6 16. Qa4 Bd7 17. Rfd1 Qc8 18. Rac1 Nd4 19. Qxa7 Ra8
20. Qb6 Ra6 21. Rxd4 Rxb6 22. Nxb6 Qd8 23. Rxd7 Qxb6 24. b3 h6 25. e5 Rxe5 26.
Rxb7 Qe6 27. Rc3 Be7 28. Bf1 Qc6 29. Rb8+ Kh7 30. h4 Rd5 31. Rc1 Qd7 32. Be2
Bd6 33. Ra8 Qf5 34. Bc4 Re5 35. Bf4 g5 36. hxg5 hxg5 37. Bxe5 Bxe5 {
0-1 Lurje,P-Wyss,T/Zuerich 1992/TD (37)}) ({RR} 8... Nc6 9. Nh3 ({RR} 9. Ne2 h5
({RR} 9... Be7 10. O-O O-O 11. Nf4 Re8 12. Re1 Bf8 13. c3 dxc3 14. bxc3 Bd6 15.
Nd5 Be6 16. f4 Bxd5 17. Qxd5 Qc7 18. Be3 Rad8 19. Qc4 Na5 20. Qe2 c4 21. Qf2 b6
22. Rab1 Nb7 23. e5 Bf8 24. Qf3 {
Buecker,S-Kojder,K/Czestochowa 1984/EXT 99/1/2-1/2 (60)}) 10. h4 Bg4 11. f3 Be6
12. O-O Be7 13. b3 f6 14. Nf4 Bf7 15. Nd5 Bxd5 16. exd5 Qxd5 17. Re1 O-O-O 18.
f4 Qd7 19. a3 g5 20. Bxc6 bxc6 21. hxg5 fxg5 22. Qe2 Bd6 23. Qe6 h4 {
Adamski,A-Skrobek,R/POL-ch 1980/MCL/1/2-1/2 (47)}) 9... g6 10. Nf4 Bg7 11. h4
O-O 12. h5 Re8 13. Kf1 a5 14. a4 c4 15. hxg6 hxg6 16. Nd5 Nb4 17. Bh6 Be5 18.
Qd2 c3 19. bxc3 dxc3 20. Qc1 b6 21. Bf4 Nxd5 22. Bxe5 Rxe5 23. Qh6 {
Ardaman,M-Yermolinsky,A/Chicago 1991/EXT 97/1/2-1/2 (58)}) ({RR} 8... Bd6 9.
Ne2 Nc6 10. O-O O-O 11. a3 a5 12. f4 f5 13. c3 Kh8 14. cxd4 Nxd4 15. e5 Bc7 16.
Be3 Ne6 17. Qc2 Rb8 18. Rfd1 Qe7 19. Nc3 b6 20. Nd5 Qf7 21. b4 cxb4 22. axb4
Bd8 23. Qf2 {Ledger,A-Stephenson,F/Torquay 1998/CBM 66 ext/1-0 (43)}) 9. Ne2
Bg7 10. O-O O-O 11. Nf4 Nc6 12. Qe2 Bd7 13. Bd2 Rc8 14. Nd5 Re8 15. Rfe1 h6 16.
h4 Ne5 17. f4 Ng4 18. Bf3 h5 19. c4 b5 20. Rac1 Be6 21. b3 Bxd5 22. cxd5 Qb6
23. Bxg4 hxg4 24. Kh2 c4 25. bxc4 bxc4 26. Rb1 Qa6 27. Bb4 d3 28. Qxg4 c3 29.
d6 Red8 30. e5 Qxa2+ 31. Kh3 d2 32. e6 {
 The most remarkable position of the round,if not the tournament.} 32...
dxe1=Q 33. Rxe1 fxe6 34. Rxe6 Qb1 35. Qf3 Qf5+ 0-1

[Event "GBR-ch"]
[Site "Scarborough"]
[Date "2001.08.08"]
[Round "9"]
[White "Rowson, Jonathan"]
[Black "Pert, Nicholas"]
[Result "1-0"]
[WhiteElo "2514"]
[BlackElo "2475"]
[Annotator "Martin,A"]
[PlyCount "141"]
[EventDate "2001.07.30"]

1. e4 {Notes by IM Andrew Martin} 1... e6 2. d4 d5 3. Nc3 Bb4 4. e5 c5 5. a3
Bxc3+ 6. bxc3 Qa5 7. Bd2 Qa4 8. Qb1 c4 9. Ne2 $146 ({RR} 9. Nh3 Nc6 10. g3 ({RR
} 10. Be2 Bd7 11. O-O O-O-O 12. Nf4 f6 13. Bg4 f5 14. Be2 Nge7 15. h4 g6 16.
Nh3 h6 17. Qc1 Ng8 18. Re1 Rf8 19. Rb1 Rf7 20. Qb2 b6 21. Qc1 Rfh7 22. Bf3 Nge7
23. g3 Be8 24. Bg2 Bf7 25. Rf1 {
1/2-1/2 Golubev,M-Koutsin,S/Nikolaev 1995/CBM 47/[Golubev] (25)}) 10... Bd7 11.
Nf4 O-O-O 12. Bh3 h5 13. Qd1 h4 14. g4 f6 15. O-O Nge7 16. exf6 gxf6 17. g5
Rdg8 18. Nxe6 b6 19. Kh1 fxg5 20. Bg4 Nd8 21. Nxg5 Kb7 22. Rg1 Ka6 23. Be3 Bxg4
{Kruppa,Y-Krivoshey,S/Nikolaev 1995/CBM 47/1/2-1/2 (41)}) ({RR} 9. h4 Nc6 ({RR
} 9... f6 10. h5 Nc6 11. Nf3 Bd7 12. g3 O-O-O 13. Bg2 Rf8 14. Qd1 fxe5 15. Nxe5
Nxe5 16. dxe5 Ne7 17. h6 gxh6 18. Bxh6 Rf7 19. O-O Qa5 20. Qd2 Nf5 21. Bg5 Qc5
22. Kh2 h5 23. Bh3 d4 24. Rad1 {Pyhala,A-Kekki,J/FIN-chT 1987/EXT 97/1-0 (35)})
10. h5 h6 11. Ne2 Nge7 12. Qc1 Bd7 13. g3 O-O-O 14. Bh3 Kb8 15. Be3 Ka8 16. Qd2
Rc8 17. g4 Nb8 18. Ng3 Rc6 19. O-O Rb6 20. f4 g6 21. Kh2 a6 22. Rf2 Nbc6 23. f5
exf5 {Nijboer,F-Nikolic,P/Rotterdam 1997/CBM 60/[Atlas,V]/0-1 (40)}) ({RR} 9.
f4 Nc6 10. Nf3 Nge7 11. g3 Bd7 12. Bh3 O-O-O 13. O-O Rdf8 14. Nh4 f6 15. exf6
gxf6 16. Re1 f5 17. Kh1 Rhg8 18. Qd1 Kb8 19. Ra2 Rf6 20. Qh5 h6 21. Qf3 Qa5 22.
Qe2 Nc8 23. Nf3 Nd6 {Atakisi,U-Williams,S/Yerevan 1999/CBM 72 ext/0-1 (34)}) ({
RR} 9. Nf3 Nc6 10. Be2 Nge7 11. h4 Bd7 12. Ng5 h6 13. Nh3 O-O-O 14. Nf4 f6 15.
exf6 gxf6 16. Nh5 Ng8 17. O-O e5 18. dxe5 fxe5 19. f4 Nge7 20. fxe5 Nxe5 21.
Bf4 N5g6 22. Qb4 Nxf4 23. Nxf4 Qxb4 {
Dominguez Perez,L-Pert,N/Oropesa del Mar 1998/CBM 67 ext/1/2-1/2 (52)}) 9... f6
10. exf6 Nxf6 11. Ng3 Nc6 12. Be2 O-O 13. O-O e5 14. dxe5 Nxe5 15. Re1 Ne4 16.
Nxe4 dxe4 17. Be3 Qc6 18. Bd4 Ng6 19. Qb4 Be6 20. Rab1 Bd5 21. Qc5 Nf4 22. Bf1
Rac8 23. Qxc6 Rxc6 24. g3 b6 25. Rb5 Rg6 26. Be3 Bc6 27. Re5 b5 28. Rd1 a6 29.
h4 Ne6 30. Bh3 Re8 31. Bf5 Rf6 32. Bxe4 Bxe4 33. Rxe4 Kf7 34. Rd7+ Kf8 35. Ra7
Nc7 36. Bc5+ Kg8 37. Rxe8+ Nxe8 38. Kg2 h5 39. Re7 Nd6 40. Bd4 Rf7 41. Re6 Nf5
42. Rxa6 Rd7 43. Rb6 Nxd4 44. cxd4 Rxd4 45. Rxb5 Rd2 46. Rxh5 Rxc2 47. a4 Kf7
48. a5 Ke6 49. a6 Ra2 50. Rc5 Ra4 51. a7 Rxa7 52. Rxc4 Kf6 53. g4 g6 54. Rc6+
Kf7 55. Kg3 Rb7 56. Kf4 Kg7 57. Rc5 Kf6 58. h5 gxh5 59. Rxh5 Kg6 60. Kg3 Rb3+
61. f3 Kf6 62. Rf5+ Kg6 63. Ra5 Kf6 64. g5+ Kg6 65. Kg4 Rb1 66. Ra6+ Kg7 67. f4
Rb7 68. f5 Rf7 69. g6 Rf8 70. Kg5 Ra8 71. f6+ {Either Nick Pert will have to
abandon 6...Qa5, or find substantial improvements.} 1-0

[Event "GBR-ch"]
[Site "Scarborough"]
[Date "2001.08.08"]
[Round "9"]
[White "Trent, Lawrence"]
[Black "Moore, Gerald"]
[Result "0-1"]
[WhiteElo "2249"]
[BlackElo "2194"]
[Annotator "Martin,A"]
[PlyCount "67"]
[EventDate "2001.07.30"]

1. e4 {Notes by IM Andrew Martin} 1... d5 2. exd5 Qxd5 3. Nc3 Qa5 4. d4 c6 5.
Nf3 Nf6 6. Bc4 Bf5 7. Bd2 e6 8. Nd5 Qd8 9. Nxf6+ Qxf6 10. Qe2 Nd7 11. O-O-O Nb6
$146 ({RR} 11... Bg4 12. d5 Bxf3 13. gxf3 cxd5 14. Bxd5 O-O-O ({RR} 14... Ba3
15. c3 O-O 16. Be4 Be7 17. Bxh7+ Kxh7 18. Qd3+ Kg8 19. Qxd7 b6 20. Rhg1 Rad8
21. Qxa7 Bc5 22. Be3 Ra8 23. Qb7 Rxa2 24. Qe4 Bxe3+ 25. fxe3 b5 26. Kc2 b4 27.
Qxb4 Qf5+ 28. Kb3 Raa8 29. Rxg7+ {
1-0 Shirov,A-Salov,V/Madrid 1997/CBM 59/[Shirov] (29)}) 15. Bxb7+ Kxb7 16. Qe4+
Kc8 17. Be3 e5 18. Qa8+ Nb8 19. Bxa7 Bd6 20. Rd3 Kd7 21. Rhd1 Ke7 22. Rxd6 Rxd6
23. Bc5 Rhd8 24. Rxd6 Rxd6 25. b4 Nd7 26. Qb7 {
Traub,B-Jung,T/GER 1998/EXT 2000/0-1 (42)}) ({RR} 11... Bd6 12. Bc3 ({RR} 12.
h3 b5 13. Bb3 a5 14. a3 h6 15. Rde1 Qe7 16. g4 Bh7 17. g5 a4 18. Ba2 b4 19.
Bxb4 Bxb4 20. axb4 a3 21. c3 axb2+ 22. Kxb2 hxg5 23. Bxe6 fxe6 24. Qxe6 Qxe6
25. Rxe6+ Kd8 26. Ra1 Rxa1 27. Kxa1 Bg8 28. Rg6 Rxh3 29. Rxg7 Bd5 30. Nxg5 Rxc3
31. Nf7+ Kc8 32. b5 Ra3+ 33. Kb2 Rb3+ 34. Kc2 cxb5 35. Nd6+ Kc7 36. Ne8+ Kd8
37. Nd6 b4 38. Rg5 Nf6 {
0-1 Adamson,R-Lakdawala,C/Los Angeles 1998/EXT 2000 (38)}) 12... Qe7 13. Ne5
Nxe5 14. dxe5 Bc5 15. h4 h5 16. g3 Rd8 17. Rxd8+ Kxd8 18. Bd2 Kc8 19. Bg5 Qc7
20. Rd1 Be7 21. Bxe7 Qxe7 22. Qe3 Kb8 23. Qd4 g5 24. hxg5 Qxg5+ 25. f4 Qe7 26.
Be2 Bg4 27. Bxg4 hxg4 28. a3 Qc7 29. b4 Qb6 30. Qd6+ Qc7 31. Qd4 Qb6 32. Qd6+
Qc7 33. Qd4 {1/2-1/2 Bauer,C-Hauchard,A/Bescanon 1999/CBM 73 no vc (33)}) 12.
Bb3 Be7 13. Ne5 h6 14. g4 Bh7 15. f4 Rd8 16. f5 Nd5 17. c4 Nb6 18. fxe6 Qxe6
19. Be3 O-O { Black appears to have soaked up the pressure successfully.} 20.
Rhg1 c5 21. dxc5 Qxe5 22. cxb6 axb6 23. Qf3 Bf6 24. Qe2 Bg5 25. Rg3 Qe4 26. Bc2
Rxd1+ 27. Kxd1 Qh1+ 28. Rg1 Bxc2+ 29. Kxc2 Qe4+ 30. Qd3 Qxe3 31. Qxe3 Bxe3 32.
Re1 Bg5 33. Kb3 Rd8 34. Kb4 0-1

[Event "GBR-ch"]
[Site "Scarborough"]
[Date "2001.08.08"]
[Round "9"]
[White "Gallagher, Joseph G"]
[Black "Shaw, John K"]
[Result "1-0"]
[WhiteElo "2516"]
[BlackElo "2478"]
[Annotator "Martin,A (game of the day)"]
[PlyCount "103"]
[EventDate "2001.07.30"]

1. e4 {Notes by IM Andrew Martin} 1... c5 2. Nf3 Nc6 3. Bb5 g6 4. Bxc6 dxc6 5.
d3 Bg7 6. h3 Nf6 7. Nc3 Nd7 8. Be3 e5 9. Qd2 Qe7 10. Bh6 f6 ({RR} 10... Bxh6
11. Qxh6 f6 12. Nh2 Nf8 13. f4 exf4 14. Qxf4 Ne6 15. Qd2 Nd4 16. O-O O-O 17.
Nd1 Bd7 18. Ne3 b6 19. c3 Ne6 20. Nhg4 h5 21. Nh2 Rad8 22. Rad1 Bc8 23. h4 Qc7
24. Qf2 Ng7 25. Nf3 {
Bologan,V-Damljanovic,B/Igalo 1994/EXT 2000/[Glatman]/0-1 (40)}) 11. Bxg7 Qxg7
12. Qe3 ({RR} 12. O-O Nf8 13. a3 Ne6 14. b4 Nd4 15. Ne1 cxb4 16. axb4 g5 17.
Ne2 Nxe2+ 18. Qxe2 h5 19. Qe3 a6 20. d4 exd4 21. Qxd4 Be6 22. Nd3 Rd8 23. Qc3
Qf7 24. Ra5 Kf8 25. Rxg5 fxg5 26. Qxh8+ Ke7 {
Melamed,T-Matjushina,Z/Alushta 1999/EXT 2000/1-0 (37)}) 12... b6 $146 ({RR} 
12... Qe7 13. Nd2 ({RR} 13. O-O Nf8 14. Ne2 Ne6 15. c3 O-O 16. Rfe1 Bd7 17. a3
a5 18. Rad1 Rad8 19. d4 cxd4 20. cxd4 exd4 21. Nexd4 Nxd4 22. Rxd4 Be6 23. Qc3
Qc7 24. b4 axb4 25. axb4 Qe7 26. Red1 Kg7 27. Qe3 Rfe8 {
Gipslis,A-Odendahl,R/Germany 1996/GER/1/2-1/2 (44)}) 13... Nf8 14. f4 exf4 15.
Qxf4 Ne6 16. Qh6 Nd4 17. O-O-O Be6 18. Rhf1 O-O-O 19. Rde1 Rhf8 20. g4 Rf7 21.
Rf2 Qc7 22. Ref1 Qe5 23. Rf4 Rdf8 24. Nb3 Nxb3+ 25. axb3 Kd7 {
1/2-1/2 Nevednichy,V-Spasov,V/Nis 1996/EXT 99 (25)}) 13. a3 $1 $16 { Whi
te's opening is an accumulation of small trumps. At present he has the better
pawn structure and the pawn break f2-f4. With 13 a3! he adds the possibility
of b2-b4 to his arsenal.. Enough to keep Shaw thinking. Essentially this is
an unsuccessful position for Black.He has to sit and wait,not everyone's cup
of tea.} 13... a5 14. O-O O-O 15. Nh2 $1 {An excellent square for the Knight,
preparing to come to g4 at the right moment,threatening f2-f4 and in general
keeping Shaw guessing.} 15... Bb7 16. f4 Rae8 17. fxe5 Nxe5 18. Rf2 Qd7 19.
Raf1 {The first phase is over. Black is passive. In the second phase we
see an unhurried Gallagher,building up the tension,keeping Shaw guessing as to
where he will strike.} 19... Kg7 20. Ne2 Qd8 21. Qd2 Qd6 22. Qc3 Ba6 {
There isn't much that Shaw can do. He has to shuffle the pack,hoping that
things don't get worse.} 23. b3 {
Cutting any thoughts of ...c5-c4 right out of Black's head.} 23... Rf7 24. Rb1
Rd8 25. Nf1 Qe7 26. Rd1 Bc8 27. Ne3 Ba6 28. Nf4 Re8 29. Rb1 Qd6 30. Ne2 Ree7
31. b4 $1 { The second phase is over and Gallgher gets active with both
players running into time-trouble.. he bias of the position leans towards
White. Shaw's Bishop is particularly grotty.} 31... cxb4 32. axb4 axb4 33. Rxb4
b5 (33... c5 34. Rb1 b5 $13) 34. Rb1 Bc8 35. d4 $16 Nd7 36. Ng3 {
The threat of Nf5 hangs over Black's head.} 36... Nb6 ({
It may have been possible to defend entirely passively with} 36... Nf8 37. Rbf1
b4 38. Qd3 {Nevertheless,White is clearly for choice.}) 37. Rf3 Kg8 38. Rd1
Ra7 39. e5 $1 $40 {Gallagher understands exactly when to take action - that is
what makes this such a fine game. Coming up to move 40 Shaw is under the
cosh. Even he cannot beat back the White attack. } 39... Ra3 40. Qb2 Na4 41.
Qc1 Qf8 42. exf6 b4 43. Rdf1 Nc3 (43... Qd8 44. Qd2 c5 45. Rf4 $1 Nb6 46. R1f2
$18 {Look at the redundant Black Bishop !}) (43... c5 44. d5 Nc3 45. Nc4 Ra6
46. Qg5 $18) 44. Nc4 $18 Ba6 45. Nxa3 Bxf1 46. Qxf1 bxa3 47. Rxc3 a2 48. Qa1
Ra7 49. Rf3 Qf7 50. Ne4 Qd5 51. f7+ Kf8 52. Nf6 {In view of the building
pressure on the players ,one of the very best games of the tournament so far.}
1-0

[Event "GBR-ch"]
[Site "Scarborough"]
[Date "2001.08.09"]
[Round "10"]
[White "Wells, Peter"]
[Black "Gallagher, Joseph G"]
[Result "1/2-1/2"]
[WhiteElo "2510"]
[BlackElo "2516"]
[Annotator "Martin,A"]
[PlyCount "42"]
[EventDate "2001.07.30"]

1. d4 {Notes by IM Andrew Martin} 1... Nf6 2. c4 g6 3. Nc3 Bg7 4. e4 d6 5. Nf3
O-O 6. Be2 e5 7. O-O exd4 {Gallagher thought for some time here.. He
prepared several variations - which to play ?} 8. Nxd4 Re8 9. f3 c6 10. Kh1
Nbd7 11. Bg5 h6 12. Bh4 Ne5 ({RR} 12... a6 13. Rc1 Qe7 14. Rc2 Qf8 15. Bf2 Nh5
16. Re1 Ne5 17. Rd2 Nf4 18. Bf1 b5 19. Be3 Ne6 20. cxb5 axb5 21. Nc2 f5 22.
exf5 gxf5 23. Rxd6 b4 24. Nb1 Rxa2 25. Bc1 Kh7 26. Rd2 Ra5 27. b3 Nc7 28. Bb2
Rd5 29. Ne3 Rxd2 30. Nxd2 Nb5 31. Qc1 Nc3 32. Nec4 Nxc4 33. Nxc4 Rxe1 34. Qxe1
Qf6 35. Bd3 Bd7 36. Bc1 Kh8 37. Be3 Be6 38. Bc5 Nd5 39. Bg1 Bf7 40. Bc2 Kg8 41.
Qb1 Nc3 42. Qf1 Nb5 43. Bd3 Na3 44. Ne3 Be6 45. Qd1 c5 46. f4 Qf7 47. Qf3 c4
48. bxc4 {1/2-1/2 Chernin,A-Szekely,P/HUN-ch 1992/CBM 34 (48)}) 13. f4 ({RR} 
13. Qb3 g5 14. Bf2 Ng6 15. Rad1 Qa5 16. Qc2 Nf4 17. Qd2 Be6 18. Rfe1 Rad8 19.
Nxe6 fxe6 20. Bf1 Ng6 21. Ne2 Qxd2 22. Rxd2 b6 23. Red1 Bf8 24. Bg3 e5 25. Bf2
Be7 26. Ng3 Nh4 27. b4 c5 28. a3 Kg7 29. Ne2 Ng6 30. Nc3 Rd7 31. g3 h5 32. bxc5
bxc5 33. Bxc5 {1-0 Epishin,V-Lampe,D/Berlin 1997/CBM 59 ext (33)}) 13... Neg4
14. Bxg4 $146 ({RR} 14. Qd3 Nxe4 15. Nxe4 Qxh4 16. Bxg4 Bxg4 17. Nxd6 Red8 18.
c5 Qf6 ({RR} 18... Qh5 19. Qc4 Rxd6 20. cxd6 Rd8 21. Rae1 Qd5 22. Qxd5 cxd5 23.
Nf3 Bf6 24. Ne5 Bf5 25. d7 Bxd7 26. Nxd7 Rxd7 27. Re2 d4 28. Rc1 Kg7 29. g3 Be7
30. Rd2 g5 31. Rc4 Bf6 32. Kg2 g4 33. h3 h5 34. hxg4 hxg4 35. Kf2 Kg6 36. Rd1
Kf5 37. Re1 b6 38. b4 Bg7 39. Rec1 Ke4 40. Ke2 Bf8 41. R1c3 Rd6 42. Rd3 f5 43.
Rc8 Be7 44. Rc7 Re6 45. a3 a5 46. bxa5 bxa5 47. Kd2 Bf6 48. Rb3 a4 49. Rd3 Bd8
50. Rc4 Ba5+ 51. Kc2 Bb6 52. Rxa4 Rc6+ 53. Kd2 {
Sinkovics,P-Stiller,J/Germany 1995/EXT 99/1-0 (65)}) 19. Nf3 b6 20. b4 Qxf4 21.
Rae1 Qxb4 22. Ne5 Bf5 23. Qg3 Rxd6 24. cxd6 Qxd6 25. Nxf7 Qxg3 26. hxg3 Bd3 27.
Rf3 Bc4 28. Nd6 Bxa2 29. Ne8 Bd5 30. Rff1 Bf8 31. Nf6+ Kg7 32. Ne8+ Kg8 33.
Nf6+ Kg7 34. Ne8+ {1/2-1/2 Djurhuus,R-Remlinger,L/Gausdal 1992/CBM 28 ext (34)}
) 14... Bxg4 15. Qd3 Bc8 16. Rae1 $13 16... Qc7 17. h3 Nd7 18. Qd2 Qa5 19.
e5 dxe5 20. f5 g5 21. Bg3 Nf6 {Rather a nervy affair.} 1/2-1/2

[Event "GBR-ch"]
[Site "Scarborough"]
[Date "2001.08.09"]
[Round "10"]
[White "Chandler, Murray"]
[Black "Hodgson, Julian M"]
[Result "1/2-1/2"]
[WhiteElo "2540"]
[BlackElo "2581"]
[Annotator "Martin,A"]
[PlyCount "133"]
[EventDate "2001.07.30"]

1. e4 {Notes by IM Andrew Martin} 1... d5 2. exd5 Nf6 3. Nf3 Qxd5 4. Nc3 Qa5 5.
d4 c6 6. Bc4 Bf5 7. Bd2 e6 8. Ne4 Qc7 $6 9. Nxf6+ gxf6 10. Nh4 Bg6 11. Qe2 Nd7
12. O-O-O O-O-O 13. g3 Nb6 14. Ba5 Bh6+ 15. Kb1 f5 $146 ({RR} 15... Rd7 16. Bb3
Rhd8 17. Nxg6 hxg6 18. c4 c5 19. d5 Qd6 20. Rhe1 e5 21. h4 Re7 22. Bc2 f5 23.
f3 Rde8 24. Bc3 e4 25. f4 Rg8 26. Rc1 Bg7 27. Bd1 Bxc3 28. Rxc3 Qf6 29. Bc2 Kb8
30. Rd1 {Berndt,S-Mueller,K/Germany 1999/GER-chT/1/2-1/2 (41)}) 16. f4 Bg7 17.
c3 Rd7 18. Ng2 Rhd8 19. Ne3 c5 20. Bb5 Rd6 21. Nc4 Rd5 22. Ne3 R5d6 23. Rc1 Kb8
24. Rhd1 a6 25. dxc5 Rxd1 26. Bxb6 Rxc1+ 27. Kxc1 Qe7 28. Bxd8 Qxd8 29. Ba4 (
29. Bxa6 bxa6 30. Qxa6 { leaves Black looking threadbare on the Queenside but
} 30... Qc7 {probably saves the day.}) 29... Qa5 30. Qc4 Bf8 31. Qd4 Bxc5 32.
Qe5+ Qc7 33. Qxc7+ Kxc7 34. Kd2 Bh5 35. Kd3 Bf3 36. Be8 f6 37. Ba4 b5 38. Bb3
Kd6 39. a4 b4 40. Bc4 bxc3 41. bxc3 a5 42. Bb3 Be4+ 43. Ke2 Bxe3 44. Kxe3 Bc6
45. Kd4 e5+ 46. Ke3 Bd7 47. Kd2 Be6 48. Bc2 h6 49. Bd1 Kc5 50. Kd3 Ba2 51. Bh5
Bb1+ 52. Kd2 Be4 53. Bg6 Bc6 54. fxe5 fxe5 55. Bxf5 Bxa4 56. g4 Bc6 57. h4 a4
58. g5 h5 59. Bg6 e4 60. Bxh5 e3+ 61. Kc2 Be4+ 62. Kb2 Bd3 63. Bg4 e2 64. Bxe2
Bxe2 65. g6 Bd3 66. g7 Bh7 67. Ka3 1/2-1/2

[Event "GBR-ch"]
[Site "Scarborough"]
[Date "2001.08.09"]
[Round "10"]
[White "Shaw, John K"]
[Black "Emms, John M"]
[Result "0-1"]
[WhiteElo "2478"]
[BlackElo "2532"]
[Annotator "Martin,A"]
[PlyCount "114"]
[EventDate "2001.07.30"]

1. e4 {Notes by IM Andrew Martin} 1... c5 2. Nf3 e6 3. c3 Nf6 4. e5 Nd5 5. d4
cxd4 6. cxd4 d6 7. exd6 $2 { According to HRH John Henderson, Shaw is fond
of this move. To me ,it presents Black with an important development tempo. 
 Emms quickly builds up an excellent game.} 7... Bxd6 8. Nc3 Nxc3 9.
bxc3 Qc7 10. Bd2 Nd7 11. Bd3 b6 12. O-O Bb7 13. Re1 O-O 14. Ne5 Nxe5 15. dxe5
Bxe5 16. Bxh7+ Kxh7 17. Qh5+ Kg8 18. Qxe5 $146 ({RR} 18. Rxe5 Rfd8 19. Bf4 f6
20. Qh8+ Kxh8 21. Rh5+ Kg8 22. Bxc7 Rd7 23. Bf4 e5 24. Be3 Rc8 25. a4 Rxc3 26.
a5 Ra3 27. Rc1 Rxa5 28. Rh4 Rad5 {
0-1 Kabir,S-Sareen,V/Calcutta 1999/CBM 69 ext (28)}) 18... Qxe5 19. Rxe5 Rfd8
20. Be1 Bd5 21. Re2 Bc4 22. Rd2 Rxd2 23. Bxd2 Rd8 24. Be1 e5 25. f3 {
What a disgusting grovel this is going to be. } 25... Rd5 26. Kf2 f5 27. a3
Kf7 28. Rb1 Ra5 29. Ra1 Ke6 30. Bd2 Rb5 31. Ke1 Rb2 32. Kd1 Bb3+ 33. Ke2 Kd5
34. g3 Bc4+ 35. Kd1 Bb3+ 36. Ke2 Bc4+ 37. Kd1 Bd3 38. Kc1 Rc2+ 39. Kd1 Kc4 40.
h4 Rb2 41. h5 a6 42. Ke1 a5 43. Kd1 a4 44. Ke1 b5 45. Kd1 Kb3 46. Ke1 Bc4 47.
Kd1 Bd5 48. Ke2 Bxf3+ 49. Kxf3 Rxd2 50. Rb1+ Rb2 51. Re1 e4+ 52. Kf4 Rf2+ 53.
Kg5 Kxa3 54. Kg6 Kb2 55. Kxg7 a3 56. h6 a2 57. h7 Rh2 {Poor John Shaw. The GM
norm eludes him. Let's hope he has more luck in the final round. Sometimes the
British can be a very cruel tournament.} 0-1

[Event "GBR-ch"]
[Site "Scarborough"]
[Date "2001.08.09"]
[Round "10"]
[White "Ansell, Simon"]
[Black "Lalic, Bogdan"]
[Result "0-1"]
[WhiteElo "2376"]
[BlackElo "2528"]
[Annotator "Martin,A"]
[PlyCount "114"]
[EventDate "2001.07.30"]

1. e4 {Notes by IM Andrew Martin} 1... c6 2. d3 d5 3. Nd2 e5 4. Ngf3 Bd6 5. g3
Nf6 6. Bg2 O-O 7. O-O Re8 8. Re1 Bg4 9. h3 Bh5 10. a4 a5 11. c3 Nbd7 12. Qc2
Qc7 13. Nh4 Bf8 14. Nf1 dxe4 15. dxe4 Nc5 16. Bg5 Nfd7 17. Nd2 $146 ({RR} 17.
Bf3 Bxf3 18. Nxf3 b5 19. axb5 cxb5 20. Red1 Nb6 21. b4 Nca4 22. bxa5 Rxa5 23.
Be3 Nc4 24. Rd3 Rc8 25. Rad1 Ncb2 26. Rd7 Qxc3 27. Qb1 Nxd1 28. Qxd1 Nb2 29.
Qd5 Qc4 30. Nxe5 Qxd5 31. exd5 Nc4 {
Buckley,G-Sadler,M/Isle of Man 1995/EXT 98/0-1 (47)}) 17... b5 18. axb5 cxb5
19. Bf3 Bxf3 20. Ndxf3 a4 21. Nf5 Nb6 22. Qe2 Nc4 {Bogdan is usually in the
commentary room by now, displaying the exciting moments in his habitual
fifteen move draw. Here we see that if he settles down to play a full game of
chess,he is more than a match for anyone.} 23. Ne3 Nxe3 24. Bxe3 Nxe4 25. Qxb5
Nd6 26. Qd5 Qc4 27. Qxc4 Nxc4 28. Ra2 Reb8 29. Rea1 Rxb2 30. Rxa4 Rc8 31. Ra8
Rbb8 32. Rxb8 Rxb8 33. Nd2 Nxe3 34. fxe3 Rd8 35. Ne4 f5 36. Ng5 Bc5 37. Kf2 h6
38. Nf3 Rd3 39. Nxe5 Bxe3+ 40. Kg2 Rxc3 41. Rf1 Rc2+ 42. Kh1 Bf2 43. g4 fxg4
44. hxg4 g5 45. Nf3 Be3 46. Re1 Bf4 47. Ra1 Rc4 48. Rd1 Kf7 49. Rd4 Rc1+ 50.
Kg2 Rc2+ 51. Kh1 Ke6 52. Rd1 Ra2 53. Kg1 h5 54. gxh5 g4 55. Nh4 Be3+ 56. Kh1 g3
57. Nf3 g2+ 0-1

[Event "GBR-ch"]
[Site "Scarborough"]
[Date "2001.08.09"]
[Round "10"]
[White "Arkell, Keith C"]
[Black "Rowson, Jonathan"]
[Result "1-0"]
[WhiteElo "2431"]
[BlackElo "2514"]
[Annotator "Martin,A"]
[PlyCount "77"]
[EventDate "2001.07.30"]

1. d4 {Notes by IM Andrew Martin} 1... Nf6 2. c4 g6 3. Nf3 Bg7 4. g3 O-O 5. Bg2
d6 6. O-O Nbd7 7. Nc3 e5 8. e4 h6 9. Re1 Nh7 10. Be3 ({RR} 10. dxe5 dxe5 11.
Be3 c6 12. Qd2 h5 13. Rad1 Qe7 14. Qd6 Re8 15. Qxe7 Rxe7 16. c5 Nhf6 17. b4 a5
18. a3 axb4 19. axb4 Ra3 20. Bd2 b6 21. b5 Bb7 22. bxc6 Bxc6 23. Nd5 Bxd5 24.
exd5 bxc5 {Xu Jun-Miles,A/Beijing 1993/EXT 97/1/2-1/2 (44)}) 10... Ng5 11. h4
$146 ({RR} 11. Nxg5 hxg5 12. f4 ({RR} 12. d5 f5 13. f3 Bh6 ({RR} 13... f4 14.
Bd2 g4 15. fxg4 Nf6 16. h3 Nh7 17. Rf1 Bd7 18. gxf4 exf4 19. Rxf4 Qh4 20. Rxf8+
Rxf8 21. Be1 Qh6 22. Qd3 Ng5 23. Bd2 Nf3+ 24. Bxf3 Qxh3 25. Be2 Bd4+ 26. Qxd4
Qg3+ 27. Kh1 Qh3+ 28. Kg1 Qg3+ 29. Kh1 Rf7 30. Bh6 Qh3+ 31. Kg1 Qg3+ 32. Kh1
Rh7 33. g5 Qh3+ 34. Kg1 Qg3+ 35. Kh1 Qh3+ {
1/2-1/2 Reschke,S-Scholz,C/Biel 1997/CBM 60 ext (35)}) 14. g4 a5 15. h3 Nc5 16.
b3 Bd7 17. Qc2 c6 18. Rad1 Qf6 19. Rd2 Na6 20. dxc6 Bxc6 21. Red1 Rfd8 22. Bb6
fxg4 23. Bxd8 Rxd8 24. fxg4 Bf8 25. Nd5 Bxd5 26. cxd5 Qg7 {
Kostiuk,T-Matjushina,Z/Alushta 1999/EXT 2000/1-0 (39)}) 12... gxf4 13. gxf4 Nf6
14. h3 exf4 15. Bxf4 Nh5 16. Bh2 Qh4 17. Qd3 f5 18. e5 dxe5 19. dxe5 Be6 20.
Bxb7 Rab8 21. Bd5 Bxd5 22. Qxd5+ Kh7 23. Re2 Qxh3 24. Rg2 Qe3+ 25. Kh1 f4 26.
Re2 Qh3 27. Ne4 Ng3+ 28. Nxg3 fxg3 29. Qd3 g2+ {
0-1 Galdunts,S-Doroshkievich,V/Voroshilovgrad 1989/EXT 97 (29)}) 11... Nxf3+
12. Bxf3 exd4 13. Bxd4 Ne5 14. Be2 Be6 15. Nd5 c5 16. Bc3 Nc6 17. Bxg7 Kxg7 18.
Ne3 Nd4 19. Nc2 Nc6 20. Qd2 Qf6 21. Qc3 Qxc3 22. bxc3 f5 23. exf5 Bxf5 24. Ne3
Be4 25. Rad1 Rad8 26. Nd5 Rf7 27. Bg4 Bf5 28. Bxf5 Rxf5 29. f4 Rd7 30. g4 Rff7
31. Kg2 g5 (31... Ne7 32. Nxe7 Rfxe7 33. Rxe7+ Rxe7 34. Rxd6 Re2+ 35. Kf3 Rxa2
36. Rd7+ Kf8 37. Rxb7 Ra4 38. Ke4 Rxc4+ 39. Ke5 $13) 32. hxg5 hxg5 33. fxg5 Kg6
34. Nf6 Rd8 35. Re6 Kxg5 36. Rf1 Kh4 37. Rh1+ Kg5 38. Rh5+ Kg6 39. Ne8+ 1-0